| 000 | 00556cam a22002291 4500 | ||
|---|---|---|---|
| 001 | sa 68005929 | ||
| 003 | DLC | ||
| 005 | 20260227112512.0 | ||
| 008 | 941108s1964 ii 000 0 gujo | ||
| 010 | _asa 68005929 | ||
| 025 | _aPL480:I-Gu-1016 | ||
| 035 | _a(OCoLC)31426030 | ||
| 040 |
_aDLC _cCU _dCU _dDLC |
||
| 042 | _apremarc | ||
| 050 | 0 | 0 |
_aPN6267.G8 _bK3 |
| 100 | 1 |
_aKamdar Chhotalal Mansing, _d1898- |
|
| 245 | 1 | 0 | _aMane nīrakhavā game. |
| 260 | _c[1964] | ||
| 300 |
_a264 p. _c19 cm. |
||
| 500 | _aIn Gujarati. | ||
| 650 | 0 | _aAnecdotes. | |
| 999 |
_c81009 _d81009 |
||